00317pam a2200121 a 4500020000500000041000800005082001800013100001700031245008100048250001100129260004500140300001000185 c aeng a423.9146bVIR aVirkar, K.B. aThe Little Modern Dictionary English - English - Marathi hTextual Documents a40th . aNew DelhibOxford University Pressc2004 a1188.